Introduction to linear system theory (Record no. 3879)

000 -LEADER
fixed length control field 00636nam a2200217 4500
001 - CONTROL NUMBER
control field 3879
003 - CONTROL NUMBER IDENTIFIER
control field BD-DhUET
008 - FIXED-LENGTH DATA ELEMENTS--GENERAL INFORMATION
fixed length control field 700918s1970 nyua b 001 0 eng
020 ## - INTERNATIONAL STANDARD BOOK NUMBER
International Standard Book Number 030771552
040 ## - CATALOGING SOURCE
Original cataloging agency DLC
Transcribing agency DLC
Modifying agency BD-DhUET
082 00 - DEWEY DECIMAL CLASSIFICATION NUMBER
Classification number 620.7
Item number CHE/1970
100 ## - MAIN ENTRY--PERSONAL NAME
Personal name Chen, Chi-Tsong
245 10 - TITLE STATEMENT
Title Introduction to linear system theory
250 ## - EDITION STATEMENT
Edition statement 1st ed.
260 ## - PUBLICATION, DISTRIBUTION, ETC. (IMPRINT)
Place of publication, distribution, etc. New York
Name of publisher, distributor, etc. Holt, Rinehart and Winston
Date of publication, distribution, etc. 1970
300 ## - PHYSICAL DESCRIPTION
Extent xvi,431p.
Other physical details ill.
Dimensions 25 cm.
490 0# - SERIES STATEMENT
Series statement Holt, Rinehart and Winston series in electrical engineering, electronics and systems
504 ## - BIBLIOGRAPHY, ETC. NOTE
Bibliography, etc Includes bibliographies
650 #0 - SUBJECT ADDED ENTRY--TOPICAL TERM
Topical term or geographic name as entry element Linear systems
942 ## - ADDED ENTRY ELEMENTS (KOHA)
Koha item type General Book
Holdings
Piece designation (barcode) Koha normalized classification for sorting Sublocation or collection (holding branch) Koha full call number Koha date last seen Lost status Source of classification or shelving scheme Location (home branch) Koha item type Not for loan Date acquired Damaged status Copy number Shelving location Withdrawn status Price effective from
49325620_000000000000000_7CHE1970Central Library, BUET620.7/CHE/19702014-11-06  Central Library, BUETGeneral Book 2014-11-06 1Circulation section 2014-11-06
52134620_000000000000000_7CHE1970Central Library, BUET620.7/CHE/19702014-11-06  Central Library, BUETGeneral Book 2014-11-06 2Circulation section 2014-11-06
53055620_000000000000000_7CHE1970Central Library, BUET620.7/CHE/19702014-11-06  Central Library, BUETGeneral Book 2014-11-06 3Circulation section 2014-11-06
52135620_700000000000000_CHE_1970Central Library, BUET620.7/CHE/19702015-01-19  Central Library, BUETGeneral Book 2015-01-19 1Circulation section 2015-01-19